MARC details
| 000 -LEADER |
| fixed length control field |
02009cam a2200493 i 4500 |
| 001 - CONTROL NUMBER |
| control field |
ocn841672067 |
| 003 - CONTROL NUMBER IDENTIFIER |
| control field |
OCoLC |
| 005 - DATE AND TIME OF LATEST TRANSACTION |
| control field |
20200512172734.0 |
| 007 - PHYSICAL DESCRIPTION FIXED FIELD--GENERAL INFORMATION |
| fixed length control field |
t| |
| 008 - FIXED-LENGTH DATA ELEMENTS--GENERAL INFORMATION |
| fixed length control field |
130403t20131975nyu j 000 1 eng d |
| 020 ## - INTERNATIONAL STANDARD BOOK NUMBER |
| International Standard Book Number |
9780385375689 |
| Qualifying information |
trade paperback |
| 035 ## - SYSTEM CONTROL NUMBER |
| System control number |
1266507 |
| 040 ## - CATALOGING SOURCE |
| Original cataloging agency |
UKMGB |
| Language of cataloging |
eng |
| Description conventions |
rda |
| Transcribing agency |
UKMGB |
| Modifying agency |
OCLCO |
| -- |
NYP |
| -- |
TnLvILS |
| 092 ## - LOCALLY ASSIGNED DEWEY CALL NUMBER (OCLC) |
| Classification number |
young adult fiction |
| Item number |
Hinton |
| 100 1# - MAIN ENTRY--PERSONAL NAME |
| Personal name |
Hinton, S. E., |
| Relator term |
author. |
| Relator code |
aut. |
| 9 (RLIN) |
8254 |
| 245 10 - TITLE STATEMENT |
| Title |
Rumble fish / |
| Statement of responsibility, etc |
S.E. Hinton. |
| 250 ## - EDITION STATEMENT |
| Edition statement |
First Delacorte Press trade paperback edition. |
| 264 #1 - Production, Publication, Distribution, Manufacture, and Copyright Notice. |
| Place of production, publication, distribution, manufacture |
New York : |
| Name of producer, publisher, distributor, manufacturer |
Delacorte Press, |
| Date of production, publication, distribution, manufacture, or copyr |
2013. |
| 264 #4 - Production, Publication, Distribution, Manufacture, and Copyright Notice. |
| Date of production, publication, distribution, manufacture, or copyr |
©1975. |
| 300 ## - PHYSICAL DESCRIPTION |
| Extent |
135 pages ; |
| Dimensions |
21 cm. |
| 336 ## - Content Type |
| Content type term |
text |
| 337 ## - Media type |
| Media type term |
unmediated |
| 338 ## - Carrier type |
| Carrier type term |
volume |
| 500 ## - GENERAL NOTE |
| General note |
Originally published in hardcover: New York : Delacorte Press, 1975. |
| 500 ## - GENERAL NOTE |
| General note |
Includes exclusive author's note. |
| 520 ## - SUMMARY, ETC. |
| Summary, etc |
A junior high school boy idolizes his older brother, the coolest, toughest guy in the neighborhood, and wants to be just like him. |
| 521 8# - TARGET AUDIENCE NOTE |
| Target audience note |
680 |
| Source |
Lexile. |
| 526 0# - STUDY PROGRAM INFORMATION NOTE |
| Program name |
Accelerated Reader |
| Interest level |
UG |
| Reading level |
4.1 |
| Title point value |
3.0 |
| Public note |
782. |
| 650 #0 - SUBJECT ADDED ENTRY--TOPICAL TERM |
| Topical term or geographic name as entry element |
Brothers and sisters |
| Form subdivision |
Juvenile fiction. |
| 9 (RLIN) |
5674032 |
| 650 #0 - SUBJECT ADDED ENTRY--TOPICAL TERM |
| Topical term or geographic name as entry element |
Social problems |
| Form subdivision |
Juvenile fiction. |
| 9 (RLIN) |
5715637 |
| 650 #0 - SUBJECT ADDED ENTRY--TOPICAL TERM |
| Topical term or geographic name as entry element |
City and town life |
| Form subdivision |
Juvenile fiction. |
| 9 (RLIN) |
5686161 |
| 650 #0 - SUBJECT ADDED ENTRY--TOPICAL TERM |
| Topical term or geographic name as entry element |
Young men |
| Geographic subdivision |
United States |
| Form subdivision |
Juvenile fiction. |
| 9 (RLIN) |
6358018 |
| 650 #0 - SUBJECT ADDED ENTRY--TOPICAL TERM |
| Topical term or geographic name as entry element |
Gangs |
| Geographic subdivision |
United States |
| Form subdivision |
Juvenile fiction. |
| 9 (RLIN) |
6358019 |
| 650 #0 - SUBJECT ADDED ENTRY--TOPICAL TERM |
| Topical term or geographic name as entry element |
Brothers and sisters |
| Form subdivision |
Fiction. |
| 9 (RLIN) |
5673852 |
| 650 #0 - SUBJECT ADDED ENTRY--TOPICAL TERM |
| Topical term or geographic name as entry element |
Social problems |
| Form subdivision |
Fiction. |
| 9 (RLIN) |
5715636 |
| 650 #0 - SUBJECT ADDED ENTRY--TOPICAL TERM |
| Topical term or geographic name as entry element |
City and town life |
| Form subdivision |
Fiction. |
| 9 (RLIN) |
5676025 |
| 650 #1 - SUBJECT ADDED ENTRY--TOPICAL TERM |
| Topical term or geographic name as entry element |
Brothers and sisters |
| Form subdivision |
Fiction. |
| 9 (RLIN) |
5673852 |
| 650 #1 - SUBJECT ADDED ENTRY--TOPICAL TERM |
| Topical term or geographic name as entry element |
Social problems |
| Form subdivision |
Fiction. |
| 9 (RLIN) |
5715636 |
| 650 #1 - SUBJECT ADDED ENTRY--TOPICAL TERM |
| Topical term or geographic name as entry element |
City and town life |
| Form subdivision |
Fiction. |
| 9 (RLIN) |
5676025 |
| 655 #7 - INDEX TERM--GENRE/FORM |
| Genre/form data or focus term |
Young Adult fiction. |
| Source of term |
gsafd. |
| 9 (RLIN) |
6358020 |
| 775 08 - OTHER EDITION ENTRY |
| Display text |
Reproduction of (manifestation): |
| Main entry heading |
Hinton, S.E. |
| Title |
Rumble fish. |
| Place, publisher, and date of publication |
New York : Delacorte Press, 1975 |
| Record control number |
(OCoLC)1500063. |
| 907 ## - LOCAL DATA ELEMENT G, LDG (RLIN) |
| a |
.b261535894 |
| 942 ## - ADDED ENTRY ELEMENTS (KOHA) |
| Source of classification or shelving scheme |
Dewey Decimal Classification |
| Koha item type |
BOOK |